Online
Catalog

A escadeira de Jacob : (Record no. 9180)

MARC details
000 -CABECERA
campo de control de longitud fija 00827cam a2200253 a 4500
001 - NÚMERO DE CONTROL
campo de control 000009420
003 - IDENTIFICADOR DEL NÚMERO DE CONTROL
campo de control OSt
005 - FECHA Y HORA DE LA ÚLTIMA TRANSACCIÓN
campo de control 20200929161604.0
008 - DATOS DE LONGITUD FIJA--INFORMACIÓN GENERAL
campo de control de longitud fija 940113s1993 sp 000 0 spa
020 ## - NÚMERO INTERNACIONAL ESTÁNDAR DEL LIBRO
Número Internacional Estándar del Libro 8471548674
040 ## - FUENTE DE LA CATALOGACIÓN
Centro catalogador/agencia de origen DO-SdBNP
Lengua de catalogación spa
Centro/agencia transcriptor BNPHU
082 ## - NÚMERO DE LA CLASIFICACIÓN DECIMAL DEWEY
Número de clasificación XXXXX
Número de documento/Ítem B641e
100 1# - ENTRADA PRINCIPAL--NOMBRE DE PERSONA
Nombre de persona Blanco-Amor, Eduardo,
Fechas asociadas al nombre 1987-1979.
9 (RLIN) 24211
245 12 - MENCIÓN DE TÍTULO
Título A escadeira de Jacob :
Resto del título novela de aventuras filosóficas /
Mención de responsabilidad, etc. Eduardo Blanco-Amor ; edición de Anxo Tarrío Varela.
260 ## - PUBLICACIÓN, DISTRIBUCIÓN, ETC.
Lugar de publicación, distribución, etc. Vigo, (España) :
Nombre del editor, distribuidor, etc. Galaxia,
Fecha de publicación, distribución, etc. [1993].
300 ## - DESCRIPCIÓN FÍSICA
Extensión 115 p. ;
Dimensiones 21 cm.
490 0# - MENCIÓN DE SERIE
Mención de serie Literaria ;
Designación de volumen o secuencia 109 ;
500 ## - NOTA GENERAL
Nota general Incluye datos biográficos en la solapa de la portada.
590 ## - NOTA LOCAL (RLIN)
Nota local Inventariado, 2020/ YL
700 1# - PUNTO DE ACCESO ADICIONAL--NOMBRE DE PERSONA
Nombre de persona Tarrío Varela, Anxo,
Término indicativo de función/relación ed.
9 (RLIN) 24212
830 #0 - PUNTO DE ACCESO ADICIONAL DE SERIE-TÍTULO UNIFORME
Título uniforme Literaria
Número de parte o sección de la obra 109
9 (RLIN) 24213
910 ## - DATOS DE OPCIÓN DEL USUARIO (OCLC)
Datos de opción del usuario En proceso
942 ## - ELEMENTOS DE PUNTO DE ACCESO ADICIONAL (KOHA)
Fuente del sistema de clasificación o colocación Dewey Decimal Classification
Tipo de ítem Koha Libros y folletos
Holdings
Estado de retiro Estado de pérdida Fuente del sistema de clasificación o colocación Restricciones de uso No para préstamo Código de colección Localización permanente Ubicación/localización actual Ubicación en estantería Fecha de adquisición Fuente de adquisición Número de inventario Total de préstamos Signatura topográfica completa Código de barras Fecha visto por última vez Precio válido a partir de Tipo de ítem Koha Número de copia
    Dewey Decimal Classification   Excluido de préstamo Monografías: Libros y Folletos General General En catalogación 29.09.2009 Obsequio LF1   XXXXX B641e 9420-10 25.06.2020 25.06.2020 No se presta  
  Extraviado Dewey Decimal Classification   Excluido de préstamo Monografías: Libros y Folletos General General Extraviado 10.04.2017   LF1   XXXXX B641e 9420-20 25.06.2020 25.06.2020 No se presta e. 2

Powered by Koha